[Event "London Classic Open 2018"]
[Site "London ENG"]
[Date "2018.12.14"]
[Round "6.39"]
[White "Rocco, Federico"]
[Black "Marentini, Marcel"]
[Result "0-1"]
[WhiteElo "2244"]
[BlackElo "2030"]
[WhiteFideId "431362"]
[BlackFideId "1318730"]
[EventDate "2018.12.09"]

1. Nf3 f5 2. d3 d6 3. e4 e5 4. Nc3 Nc6 5. g3 g6 6. exf5 Bxf5 7. Bg2 Bg7 8. O-O
Nge7 9. Rb1 Qd7 10. Re1 O-O 11. Qd2 Bg4 12. Ng5 Nd4 13. h3 Bf3 14. Nxf3 Nxf3+
15. Bxf3 Rxf3 16. Kg2 Raf8 17. Nd1 Nd5 18. Qe2 Qf7 19. Rf1 h5 20. h4 Qf5 21. Qe4
Nf4+ 22. Bxf4 Rxf4 23. Qxf5 R4xf5 24. Ne3 R5f7 25. f3 Bh6 26. Nd5 Kg7 27. c4 c6
28. Nc3 Rd7 29. Ne4 Rc8 30. g4 Bf4 31. gxh5 gxh5 32. Kf2 d5 33. Rg1+ Kf7 34.
Ng5+ Kf6 35. Rbd1 Rcd8 36. c5 b6 37. Nh3 Bh6 38. Ng5 Bf8 39. b4 bxc5 40. Rc1 Rb8
41. bxc5 Rb2+ 42. Kg3 Kf5 43. a4 a5 44. Rge1 Rdb7 45. d4 Bg7 46. Kh3 R7b3 47.
Kg3 e4 48. Nxe4 dxe4 49. Rxe4 Rd3 50. Rf4+ Kg6 51. Re1 Rxd4 52. Re6+ Kh7 53. Rf7
Rd1 54. Ra7 Rg1+ 55. Kf4 Rb4+ 56. Re4 Rg6 57. Rxa5 Rf6+ 58. Kg3 Rb3 59. Rf4 Rg6+
60. Kf2 Rb2+ 61. Kf1 Rgg2 62. Ra7 Rh2 63. Kg1 Rhd2 0-1

[Event "London Classic Open 2018"]
[Site "London ENG"]
[Date "2018.12.14"]
[Round "6.41"]
[White "Head, Louise"]
[Black "Bukojemski, Adam"]
[Result "1-0"]
[WhiteTitle "WFM"]
[WhiteElo "2079"]
[BlackElo "2218"]
[WhiteFideId "424773"]
[BlackFideId "1114620"]
[EventDate "2018.12.09"]

1. d4 Nf6 2. c4 g6 3. Nc3 d5 4. cxd5 Nxd5 5. Bd2 Bg7 6. e4 Nb6 7. Be3 O-O 8. h3
e5 9. Nf3 Nc6 10. d5 Ne7 11. Bc5 Bd7 12. d6 cxd6 13. Bxd6 Re8 14. Bxe5 Bxe5 15.
Nxe5 Ned5 16. Nxd5 Rxe5 17. Qd4 Nxd5 18. Qxe5 Qa5+ 19. Ke2 Re8 20. Qd4 Nf4+ 21.
Kf3 Qc7 22. Bc4 Bc6 23. Rhe1 b5 24. Bb3 Rd8 25. Qf6 Nh5 26. Qg5 Rd6 27. g3 h6
28. Qe3 Nf6 29. Kg2 Nxe4 30. Kh2 Ng5 31. Bd1 Qd7 32. Bg4 f5 33. h4 fxg4 34. hxg5
Rd2 35. Kg1 hxg5 36. Qe6+ Qf7 37. Qxf7+ Kxf7 38. Rac1 Bf3 39. Rc7+ Kf6 40. Rxa7
Rxb2 41. Ra6+ Kf7 42. Rc1 Bd5 43. Rb6 Ke7 44. a4 b4 45. Rb5 Bf3 46. a5 Ra2 47.
Rb1 Bc6 48. Rb6 Bd5 49. Rb5 Bc6 50. Rxg5 b3 51. Rc5 b2 52. Rc2 Rxa5 53. Rcxb2
Bf3 54. Kf1 Kf7 55. Rb6 Rh5 56. Ke1 Re5+ 57. Kd2 Rd5+ 58. Kc3 Kg7 59. Re1 Rc5+
60. Kd4 Rd5+ 61. Kc4 Rd2 62. Kc3 Rxf2 63. Ree6 Bd1 64. Rxg6+ Kf7 65. Rgd6 Rc2+
66. Kd3 Rc7 67. Ke3 Bf3 68. Kf4 Kg8 69. Kf5 Rf7+ 70. Ke6 Kg7 71. Ke5 Kg8 72.
Rg6+ Rg7 73. Rb8+ Kh7 74. Rf6 Rc7 75. Rff8 Rc5+ 76. Kf6 Rc6+ 77. Kg5 Rc5+ 78.
Kh4 Kg7 79. Rfd8 Kf6 80. Rb6+ Ke5 81. Rb1 Kf6 82. Rd6+ Kg7 83. Re1 Rc7 84. Re8
Ra7 85. Re5 Kg8 86. Rc5 Re7 87. Rg5+ Rg7 88. Rd8+ Kh7 89. Rh5+ Kg6 90. Rg5+ Kf7
91. Rd7+ Kf6 92. Rgxg7 1-0

[Event "London Classic Open 2018"]
[Site "London ENG"]
[Date "2018.12.14"]
[Round "6.42"]
[White "Gerlach, Felix Tobias"]
[Black "Stoyanov, Viktor"]
[Result "0-1"]
[WhiteElo "2050"]
[BlackElo "2205"]
[WhiteFideId "12957690"]
[BlackFideId "450308"]
[EventDate "2018.12.09"]

1. d4 Nf6 2. Bg5 Ne4 3. Bf4 c5 4. f3 Qa5+ 5. c3 Nf6 6. d5 d6 7. e4 g6 8. Nd2 Bg7
9. Nc4 Qd8 10. a4 O-O 11. Qd2 Nbd7 12. Nh3 Ne5 13. Nf2 Nfd7 14. b3 Nxc4 15. Bxc4
Ne5 16. Be2 e6 17. O-O exd5 18. exd5 f5 19. Bg5 Qc7 20. Bh6 Bd7 21. Bxg7 Kxg7
22. f4 Nf7 23. Rfe1 Rae8 24. Bd3 Qb6 25. Bc4 Qd8 26. Rxe8 Rxe8 27. Re1 Re7 28.
Kf1 Kf8 29. Re3 Nh6 30. Qe1 Rxe3 31. Qxe3 Qh4 32. h3 Ng8 33. g3 Qd8 34. Kg2 Nf6
35. Kf3 Be8 36. g4 Bf7 37. Qd2 h6 38. Nh1 Ne4 39. Qe1 Qf6 40. gxf5 gxf5 41. Ng3
Nxc3 42. Qd2 h5 43. Ke3 h4 44. Nxf5 Qxf5 45. Qxc3 Qxh3+ 46. Kd2 Qxc3+ 47. Kxc3
Ke7 48. b4 cxb4+ 49. Kxb4 Kf6 50. Bf1 Kf5 51. Bh3+ Kxf4 52. Be6 Be8 53. Bc8 b6
54. a5 Kg3 0-1

[Event "London Classic Open 2018"]
[Site "London ENG"]
[Date "2018.12.14"]
[Round "6.43"]
[White "Wilks, Simon"]
[Black "Stephan, Axel"]
[Result "1-0"]
[WhiteElo "2019"]
[BlackElo "2204"]
[WhiteFideId "427357"]
[BlackFideId "4632834"]
[EventDate "2018.12.09"]

1. e4 c5 2. Nf3 e6 3. b3 d6 4. Bb2 Nf6 5. e5 dxe5 6. Nxe5 a6 7. f4 Nbd7 8. a4
Nd5 9. Qf3 Nxe5 10. fxe5 Nb4 11. Na3 Bd7 12. Be2 Bc6 13. Qf2 Be7 14. O-O O-O 15.
Bf3 Bxf3 16. Qxf3 Rb8 17. d3 b5 18. axb5 axb5 19. Rae1 Qd5 20. Qe2 Qd7 21. Rf3
Nc6 22. Rh3 Nd4 23. Qh5 h6 24. Bc1 Nf5 25. Re4 Kh7 26. Nb1 Ra8 27. Bd2 Ra1 28.
Qd1 Qa7 29. Rf3 c4+ 30. Kh1 cxb3 31. cxb3 Qa2 32. Rf1 Rxb1 33. Qxb1 Qxd2 34. Rd1
Qg5 35. d4 Qh5 36. g4 Qh3 37. gxf5 Qf3+ 38. Kg1 exf5 39. Ree1 Bg5 40. Qd3 Qg4+
41. Kh1 Rd8 42. d5 g6 43. e6 fxe6 44. Rxe6 Rg8 45. Rg1 Qh4 46. d6 Ra8 47. Rge1
Qb4 48. Qd5 Ra7 49. d7 Bd8 50. Re7+ Bxe7 51. Qf7+ Kh8 52. d8=Q+ Bxd8 53. Re8+ 1-0

[Event "London Classic Open 2018"]
[Site "London ENG"]
[Date "2018.12.14"]
[Round "6.44"]
[White "Ditmas, Hugh"]
[Black "Britton, Richard L"]
[Result "0-1"]
[BlackTitle "FM"]
[WhiteElo "1978"]
[BlackElo "2186"]
[WhiteFideId "1270666"]
[BlackFideId "401692"]
[EventDate "2018.12.09"]

1. d4 Nf6 2. c4 g6 3. Nc3 Bg7 4. e4 d6 5. Be2 O-O 6. Nf3 e5 7. O-O Nc6 8. d5 Ne7
9. Ne1 Ne8 10. f3 f5 11. g4 Kh8 12. Nd3 Ng8 13. Kh1 f4 14. Rg1 Bf6 15. Bd2 Bh4
16. Be1 Bxe1 17. Qxe1 g5 18. c5 Rf7 19. Qf2 h5 20. h3 Rh7 21. Kg2 Ne7 22. cxd6
cxd6 23. Kf1 Ng6 24. Ke1 Bd7 25. Kd2 Nf6 26. Rac1 hxg4 27. hxg4 Kg7 28. Kc2 Qh8
29. Kb1 Rh2 30. Rg2 Rh3 31. a4 Qd8 32. Rh2 Rxh2 33. Qxh2 Qb6 34. Qf2 Qxf2 35.
Nxf2 a6 36. Ncd1 Ne8 37. a5 Nh4 38. b4 Rb8 39. Ka2 Kf7 40. Ka3 Ra8 41. Rc3 Rc8
42. Rxc8 Bxc8 43. Nd3 Bd7 44. Ne1 Nc7 45. Nc3 Ke7 46. Kb3 Kd8 47. Bf1 Ke7 48.
Be2 Kf6 49. Bf1 Nxf3 50. Nxf3 Bxg4 51. Nh2 Bd7 52. Be2 Kg6 53. Kc2 Ne8 54. Nd1
Nc7 55. Nf2 Nb5 56. Bxb5 Bxb5 57. Kd2 Kh5 58. Ke1 Bd7 59. Nh1 g4 60. Kf2 Kh4 61.
Nf1 Bb5 62. Kg2 Bxf1+ 63. Kxf1 g3 64. Kg2 Kg4 65. Kf1 f3 66. Kg1 Kf4 67. b5 axb5
68. a6 bxa6 69. Kf1 g2+ 70. Kf2 gxh1=B 0-1

[Event "London Classic Open 2018"]
[Site "London ENG"]
[Date "2018.12.14"]
[Round "6.45"]
[White "Lim, Zhuo Ren"]
[Black "Rushbrooke, Remy"]
[Result "1-0"]
[WhiteTitle "FM"]
[WhiteElo "2184"]
[BlackElo "1909"]
[WhiteFideId "5702488"]
[BlackFideId "443590"]
[EventDate "2018.12.09"]

1. e4 e5 2. Bc4 Nf6 3. d3 Nc6 4. Nf3 Be7 5. O-O O-O 6. Re1 d6 7. a4 Be6 8. Nbd2
Nd4 9. Nxd4 exd4 10. Bxe6 fxe6 11. Nf3 e5 12. c3 dxc3 13. bxc3 Kh8 14. Qb3 Qc8
15. Bg5 b6 16. h3 Ng8 17. Bxe7 Nxe7 18. Re3 Ng6 19. Ng5 Qe8 20. Qe6 Rf6 21.
Qxe8+ Rxe8 22. a5 b5 23. Nf3 c5 24. a6 Rb8 25. g3 Rff8 26. Nd2 Ne7 27. Ree1 Nc6
28. Reb1 Kg8 29. Rb3 Rb6 30. Nf1 b4 31. Ne3 bxc3 32. Rxc3 Rb2 33. Rc2 Rxc2 34.
Nxc2 Rb8 35. Ra3 Rb6 36. Ne3 Kf7 37. Nd5 Rb1+ 38. Kg2 Nd4 39. h4 Nc2 40. Rc3 Nb4
41. Nxb4 Rxb4 42. Ra3 Ke6 43. Kf3 d5 44. exd5+ Kxd5 45. Ke3 Kc6 46. h5 Kb5 47.
f3 Ra4 48. Rxa4 Kxa4 49. Ke4 Kb5 50. Kxe5 Kxa6 51. h6 1-0

[Event "London Classic Open 2018"]
[Site "London ENG"]
[Date "2018.12.14"]
[Round "6.46"]
[White "McClement, Andrew"]
[Black "Thatte, Nishchal"]
[Result "1-0"]
[WhiteElo "2182"]
[BlackElo "1649"]
[WhiteFideId "2400480"]
[BlackFideId "447234"]
[EventDate "2018.12.09"]

1. Nf3 d5 2. c4 e6 3. g3 c5 4. Bg2 Nc6 5. O-O Nf6 6. cxd5 exd5 7. d4 Be7 8. Nc3
O-O 9. Bg5 c4 10. Ne5 Be6 11. Nxc6 bxc6 12. b3 Qa5 13. Qc2 cxb3 14. axb3 Qb6 15.
e3 h6 16. Bxf6 Bxf6 17. Na4 Qc7 18. Rfc1 Rfc8 19. Nc5 Bg4 20. Ra6 Qd6 21. Nb7
Qb4 22. Na5 Bd7 23. Nxc6 Qb5 24. Bf1 Rxc6 25. Rxc6 Qxc6 26. Qxc6 Bxc6 27. Rxc6
Rb8 28. Ra6 Rb7 29. Bg2 Rxb3 30. Bxd5 Rb5 31. Be4 Rb4 32. Rxa7 g6 33. Bd5 Rb6
34. Rxf7 Kh8 35. Rc7 Rd6 36. Rc6 Rxd5 37. Rxf6 Kg7 38. Rc6 Rd7 39. Kg2 Kf7 40.
h4 Kg7 41. Kf3 Rf7+ 42. Ke2 Rd7 43. Kd3 Rf7 44. f4 Re7 45. d5 Kf7 46. h5 gxh5
47. Rxh6 Kg7 48. Rxh5 1-0

[Event "London Classic Open 2018"]
[Site "London ENG"]
[Date "2018.12.14"]
[Round "6.47"]
[White "Lindholm, Jere"]
[Black "Eggleston, David J"]
[Result "0-1"]
[BlackTitle "IM"]
[WhiteElo "2130"]
[BlackElo "2397"]
[WhiteFideId "508012"]
[BlackFideId "412120"]
[EventDate "2018.12.09"]

1. e4 c5 2. Nf3 d6 3. d4 Nf6 4. Nc3 cxd4 5. Nxd4 a6 6. Bg5 e6 7. f4 Be7 8. Qf3
Qc7 9. O-O-O Nbd7 10. g4 b5 11. Bxf6 Nxf6 12. g5 Nd7 13. f5 O-O 14. Rg1 b4 15.
Nce2 e5 16. f6 exd4 17. fxe7 Re8 18. Nxd4 Ne5 19. Qf4 Be6 20. Nf5 d5 21. Qg3
dxe4 22. Nh6+ Kh8 23. Bh3 Rxe7 24. Bxe6 Rxe6 25. Ng4 Rc8 26. Rg2 Rc6 27. Rdd2
Nf3 28. Rde2 Nd4 29. Rd2 Qxg3 30. hxg3 Nf3 31. Rd5 Rc5 32. Ne3 Nxg5 33. Rgd2 g6
34. g4 Kg7 35. a3 bxa3 36. b4 Rc3 37. Nd1 Rb3 38. c3 Nf3 39. Rc2 Ne1 40. Re2
Nd3+ 41. Kd2 Nf4 0-1

[Event "London Classic Open 2018"]
[Site "London ENG"]
[Date "2018.12.14"]
[Round "6.48"]
[White "Johnson, Daniel"]
[Black "Dauletova, Gulmira"]
[Result "1-0"]
[BlackTitle "WIM"]
[WhiteElo "2111"]
[BlackElo "2261"]
[WhiteFideId "1721283"]
[BlackFideId "13702971"]
[EventDate "2018.12.09"]

1. d4 Nf6 2. c4 e6 3. Nc3 Bb4 4. Qc2 O-O 5. Nf3 d5 6. cxd5 exd5 7. Bg5 h6 8. Bh4
c5 9. dxc5 Be6 10. e3 Nbd7 11. Be2 Rc8 12. a3 Bxc5 13. O-O Be7 14. Rfc1 Ne4 15.
Bxe7 Qxe7 16. Qd3 Ndc5 17. Qd1 Qf6 18. Nxd5 Bxd5 19. Qxd5 Rcd8 20. Qc4 b5 21.
Qc2 Qe6 22. Nd4 Rxd4 23. exd4 Nb3 24. Rd1 Qd5 25. Bf3 f5 26. Qd3 Rd8 27. Rab1
Kh7 28. Re1 Re8 29. Rbd1 a5 30. h4 a4 31. h5 Na5 32. Re2 Nc4 33. Rde1 Ncd6 34.
g3 Rc8 35. Rc2 Rxc2 36. Qxc2 Qxd4 37. Kg2 Qf6 38. Re2 Ng5 39. Qc6 Nxf3 40. Qxf3
Nc4 41. Qd5 Qf8 42. Qc6 Nd6 43. Re6 Ne4 44. Re8 Qf7 45. Qg6+ Qxg6 46. hxg6+ Kxg6
47. Re5 b4 48. axb4 Kf6 49. Ra5 Ke6 50. Rxa4 Nd6 51. Ra7 g6 52. Rc7 Kd5 53. Rh7
g5 54. Rxh6 g4 55. Rxd6+ Kxd6 56. f4 Kc6 57. Kf2 Kb5 58. Ke3 Kc4 59. b5 1-0

[Event "London Classic Open 2018"]
[Site "London ENG"]
[Date "2018.12.14"]
[Round "6.49"]
[White "Yoon, Jacob D"]
[Black "Richardson, John R"]
[Result "0-1"]
[BlackTitle "FM"]
[WhiteElo "2009"]
[BlackElo "2242"]
[WhiteFideId "446076"]
[BlackFideId "401617"]
[EventDate "2018.12.09"]

1. e4 c6 2. Nc3 d5 3. d4 dxe4 4. Nxe4 Bf5 5. Ng3 Bg6 6. Nf3 Nd7 7. h4 h6 8. h5
Bh7 9. Bd3 Bxd3 10. Qxd3 e6 11. Bd2 Ngf6 12. O-O-O Be7 13. Ne4 Nxe4 14. Qxe4 Nf6
15. Qe2 Qd5 16. c4 Qe4 17. Qxe4 Nxe4 18. Be3 f5 19. g3 Bg5 20. Bxg5 hxg5 21. Rh2
O-O-O 22. Ne5 Rhf8 23. Rg2 g4 24. f3 gxf3 25. Nxf3 Rh8 26. g4 fxg4 27. Rxg4 Nf2
28. Rxg7 Nxd1 29. Kxd1 Rxh5 30. Ke2 Rf8 31. Rg2 c5 32. dxc5 Rxc5 33. b3 b5 34.
Nd2 b4 35. Ne4 Re5 36. Ke3 Rd8 37. Kf4 Rf5+ 38. Ke3 Ra5 39. c5 Kc7 40. Ng5 Kc6
41. Ne4 Ra6 42. Kf4 Rd5 43. Rh2 Rf5+ 44. Ke3 Kd5 45. Rd2+ Ke5 46. Rc2 Rh5 47.
Nf2 Kd5 48. Kf4 Rc6 49. Nd3 Kd4 50. Nxb4 Rcxc5 51. Nc6+ Kd5 52. Nb4+ Kd6 53.
Rd2+ Ke7 54. Nc2 Rcf5+ 55. Ke3 Rh3+ 56. Ke4 Rg5 57. Ne3 Rgg3 58. Re2 Rh4+ 59.
Kd3 Kd6 60. Kc2 Rgh3 61. Nc4+ Ke7 62. Nd2 Rh2 63. Re1 Rd4 64. Rd1 e5 65. Kc3 Ke6
66. Kc2 Kd5 67. a3 e4 68. Kc3 a5 69. b4 Rd3+ 70. Kc2 a4 71. Kc1 e3 72. Nf3 Rxd1+
73. Kxd1 Rf2 74. Ne1 Kc4 75. Nc2 Kd3 76. Ne1+ Kc3 77. Kc1 Ra2 0-1

[Event "London Classic Open 2018"]
[Site "London ENG"]
[Date "2018.12.14"]
[Round "6.50"]
[White "Roe, Simon J"]
[Black "Sedykh, Mikhail"]
[Result "1/2-1/2"]
[WhiteElo "2223"]
[BlackElo "2118"]
[WhiteFideId "401471"]
[BlackFideId "447498"]
[EventDate "2018.12.09"]

1. Nf3 c5 2. c4 Nf6 3. g3 d5 4. cxd5 Nxd5 5. Bg2 Nc6 6. Nc3 Nb6 7. O-O e5 8. d3
f6 9. Be3 Be6 10. Nd2 Qd7 11. Nb3 Nd4 12. Na5 Nd5 13. Bxd4 cxd4 14. Nxd5 Bxd5
15. Bxd5 Qxd5 16. Qa4+ b5 17. Qb3 Qxb3 18. Nxb3 Bd6 19. a4 Rb8 20. axb5 Rxb5 21.
Nd2 Bb8 22. Nc4 Kd7 23. Ra6 Rc8 24. Kg2 Rb3 25. Rfa1 e4 26. R1a3 Rxa3 27. Rxa3
Ke6 28. Ra6+ Kd5 29. g4 Re8 30. h3 exd3 31. exd3 Re1 32. Ra3 Rd1 33. Rb3 Be5 34.
Ra3 g6 35. h4 h5 36. g5 Ke6 37. gxf6 Bxf6 38. Kf3 Bxh4 39. Ra6+ Kd5 40. Ra5+ Ke6
41. Ra6+ Kd5 42. Rd6+ Kc5 43. b4+ Kxb4 44. Rxd4 Bf6 45. Rd6 Be7 46. Rd7 Bc5 47.
Ne5 Kc3 48. Rc7 Kd4 49. Ke2 Ra1 50. Nxg6 Ra2+ 51. Kf3 Bb6 52. Rc4+ Kxd3 53. Ne5+
Kd2 54. Rh4 Kc3 55. Rxh5 Rxf2+ 56. Ke4 Rd2 57. Rh3+ Kc2 58. Nc6 Kb2 59. Rh7 Re2+
60. Kd5 1/2-1/2

[Event "London Classic Open 2018"]
[Site "London ENG"]
[Date "2018.12.14"]
[Round "6.51"]
[White "Marzano, Carlo"]
[Black "Bates, Caspar J"]
[Result "1-0"]
[WhiteElo "2222"]
[BlackElo "2113"]
[WhiteFideId "802980"]
[BlackFideId "414760"]
[EventDate "2018.12.09"]

1. d4 Nf6 2. c4 e6 3. Nf3 Bb4+ 4. Nbd2 d6 5. a3 Bxd2+ 6. Qxd2 a5 7. b3 b6 8. Bb2
Nbd7 9. e3 O-O 10. Be2 Bb7 11. O-O Ne4 12. Qc2 f5 13. b4 Ng5 14. d5 Nxf3+ 15.
Bxf3 e5 16. Be2 Qe7 17. Bc3 Bc8 18. f3 f4 19. e4 Nf6 20. Rfc1 g5 21. bxa5 bxa5
22. Qd2 a4 23. Bb4 g4 24. c5 gxf3 25. gxf3 Kh8 26. Kh1 Rg8 27. Rg1 Bh3 28. Rxg8+
Rxg8 29. Bf1 Bxf1 30. Rxf1 Qg7 31. Qf2 Ne8 32. c6 Qh6 33. Rg1 Rxg1+ 34. Kxg1 Kg7
35. Qg2+ Kf7 36. Qg4 Qg6 37. Qxg6+ hxg6 38. Kf1 Ke7 39. Be1 g5 40. Ke2 Nf6 41.
h3 Kd8 42. Kd3 Nh5 43. h4 gxh4 44. Bxh4+ Kc8 45. Ke2 Kb8 46. Kf2 Ka7 47. Kg2 Kb6
48. Kh3 Kb5 49. Kg4 Ng3 50. Bxg3 fxg3 51. Kxg3 Kc4 52. f4 exf4+ 53. Kxf4 Kb3 54.
e5 dxe5+ 55. Ke4 Kxa3 56. d6 Kb2 57. dxc7 a3 58. c8=Q a2 59. Qa6 1-0

[Event "London Classic Open 2018"]
[Site "London ENG"]
[Date "2018.12.14"]
[Round "6.52"]
[White "Ethelontis, Alexandros N"]
[Black "Prior, Stephen C V"]
[Result "1-0"]
[WhiteElo "2187"]
[BlackElo "2065"]
[WhiteFideId "405469"]
[BlackFideId "423378"]
[EventDate "2018.12.09"]

1. c4 e5 2. g3 Nf6 3. Bg2 Nc6 4. Nc3 Bb4 5. Nd5 Bc5 6. Nf3 d6 7. d3 h6 8. O-O
O-O 9. a3 a6 10. b4 Ba7 11. Bb2 Nxd5 12. cxd5 Ne7 13. Qb3 c6 14. dxc6 Be6 15.
Qd1 bxc6 16. Qc2 f5 17. Rac1 f4 18. d4 fxg3 19. hxg3 Nf5 20. Qxc6 exd4 21. Qe4
Qd7 22. Bxd4 Nxd4 23. Nxd4 Rae8 24. Nxe6 Rxe6 25. Qc4 Kh8 26. Bh3 d5 27. Bxe6
Qxe6 28. Qd3 Qh3 29. Rc3 Qe6 30. e3 h5 31. Qe2 Qh3 32. Rfc1 d4 33. exd4 Bxd4 34.
Rf3 Rd8 35. Qe4 Qd7 36. Kg2 Re8 37. Qg6 Kg8 38. Rc7 Qe6 39. Qxh5 Qe4 40. Qf7+
Kh8 41. Rc1 Re6 42. Rh1+ Rh6 43. Rxh6+ gxh6 44. Qf8+ Kh7 45. Qf5+ 1-0

[Event "London Classic Open 2018"]
[Site "London ENG"]
[Date "2018.12.14"]
[Round "6.53"]
[White "Brooks, Phil J"]
[Black "Keely, Leo A"]
[Result "1/2-1/2"]
[WhiteElo "2184"]
[BlackElo "1964"]
[WhiteFideId "405540"]
[BlackFideId "410241"]
[EventDate "2018.12.09"]

1. d4 Nf6 2. c4 g6 3. Nc3 Bg7 4. e4 d6 5. h3 O-O 6. Bg5 c5 7. d5 a6 8. a4 Qb6 9.
Qc2 e6 10. Nf3 exd5 11. cxd5 Re8 12. Bd3 Nxe4 13. Bxe4 f5 14. O-O fxe4 15. a5
Qc7 16. Nxe4 Bf5 17. Nfd2 Nd7 18. Rfe1 Kh8 19. Qb3 h6 20. Bf4 Ne5 21. Re3 Qd7
22. Rae1 Rac8 23. Qb6 Bxe4 24. Rxe4 Nd3 25. Rxe8+ Rxe8 26. Rxe8+ Qxe8 27. Be3
Nxb2 28. Qxb7 Nd1 29. Nc4 Nxe3 30. Nxe3 Bd4 31. Qxa6 Bxe3 32. Qe2 c4 33. fxe3 c3
34. Qd3 Qc8 35. Qxg6 c2 36. Qxh6+ Kg8 37. Qg6+ Kf8 38. Qxd6+ Ke8 39. Qe5+ Kd7
40. Qe6+ Kc7 41. Qb6+ Kd7 42. Qe6+ Kc7 43. Qb6+ Kd7 1/2-1/2

[Event "London Classic Open 2018"]
[Site "London ENG"]
[Date "2018.12.14"]
[Round "6.54"]
[White "Rice, Chris B"]
[Black "Brozel, Sacha"]
[Result "1-0"]
[WhiteElo "1963"]
[BlackElo "2182"]
[WhiteFideId "404446"]
[BlackFideId "429317"]
[EventDate "2018.12.09"]

1. c4 c5 2. g3 g6 3. Bg2 Bg7 4. Nc3 Nc6 5. a3 d6 6. Rb1 a5 7. Nf3 e5 8. O-O Nge7
9. d3 O-O 10. Bg5 f6 11. Be3 Be6 12. Ne1 f5 13. Nc2 f4 14. Bd2 d5 15. cxd5 Nxd5
16. Nxd5 Bxd5 17. Bxd5+ Qxd5 18. b4 axb4 19. axb4 b6 20. bxc5 bxc5 21. Bc3 h5
22. Rb5 Rab8 23. Rxb8 Rxb8 24. gxf4 exf4 25. Bxg7 Kxg7 26. Qa1+ Qe5 27. Qxe5+
Nxe5 28. d4 Rb2 29. Rc1 cxd4 30. Nxd4 Kf6 31. Rd1 g5 32. h3 Ra2 33. Kg2 h4 34.
Rb1 Rd2 35. Rb6+ Ke7 36. Re6+ Kf7 37. Rxe5 Rxd4 38. Rxg5 Kf6 39. Rg4 Kf5 40. Kf3
Rb4 41. e3 1-0

[Event "London Classic Open 2018"]
[Site "London ENG"]
[Date "2018.12.14"]
[Round "6.55"]
[White "Mueller, Jens"]
[Black "Sumit, Kumar"]
[Result "0-1"]
[WhiteElo "1961"]
[BlackElo "2179"]
[WhiteFideId "16251016"]
[BlackFideId "5054010"]
[EventDate "2018.12.09"]

1. d4 d5 2. Bf4 Nf6 3. e3 Bf5 4. a3 e6 5. c4 c6 6. Nc3 Be7 7. Nf3 Nbd7 8. Bd3
Bg6 9. Ne5 Nxe5 10. Bxe5 O-O 11. O-O Nd7 12. Bg3 Bxd3 13. Qxd3 f5 14. f3 Bf6 15.
Rad1 Qe7 16. e4 dxc4 17. Qxc4 Nb6 18. Qb3 Rad8 19. Bf2 Qf7 20. a4 Rd7 21. a5 Nc8
22. d5 exd5 23. exd5 Bxc3 24. bxc3 cxd5 25. Rfe1 a6 26. Re5 Ne7 27. Bc5 Nc6 28.
Re2 Re8 29. Rxe8+ Qxe8 30. Bb6 Kh8 31. Kf1 Qf7 32. Re1 h6 33. g3 Qh5 34. Kg2 f4
35. Qa4 fxg3 36. hxg3 Qg6 37. Qf4 Kh7 38. Qd2 Ne7 39. Re5 Nf5 40. Qf4 Rf7 41.
Bf2 Nd6 42. Qd4 Nf5 43. Qf4 Rf6 44. Qg4 Qf7 45. f4 Nd6 46. Qd1 Rf5 47. Qd3 Ne4
48. Bd4 Qg6 49. Rxf5 Qxf5 50. Be5 Qg6 51. Qf3 h5 52. Kh3 Qf5+ 53. Kh2 Qg4 54.
Qd3 Kh6 55. Qe3 Qd1 56. f5+ Kh7 57. Bf4 Qf1 58. Qb6 Nf6 59. Qg1 Ng4+ 0-1

[Event "London Classic Open 2018"]
[Site "London ENG"]
[Date "2018.12.14"]
[Round "6.56"]
[White "Keetman, Maaike"]
[Black "Grigoryan, Meri"]
[Result "1-0"]
[BlackTitle "WFM"]
[WhiteElo "2173"]
[BlackElo "2054"]
[WhiteFideId "1033697"]
[BlackFideId "13300571"]
[EventDate "2018.12.09"]

1. e4 a6 2. d4 b5 3. Nf3 Bb7 4. Bd3 e6 5. O-O c5 6. c3 cxd4 7. cxd4 d5 8. e5 Ne7
9. Nbd2 Nbc6 10. Nb3 Ng6 11. Ng5 Be7 12. Qh5 Bxg5 13. Bxg5 Qb6 14. Rad1 Nce7 15.
Nc5 h6 16. Bd2 Bc8 17. Rfe1 Ra7 18. Qg4 Nf5 19. Qh5 Nge7 20. Nb3 b4 21. g4 g6
22. Qh3 Ng7 23. Qf3 Ng8 24. Rc1 Bd7 25. Nc5 Bc6 26. a3 h5 27. Bxb4 hxg4 28. Qxg4
Qd8 29. Nxe6 Nxe6 30. Rxc6 Ng5 31. Rec1 Rh4 32. Qg3 Ne7 33. Rd6 Nh3+ 34. Kf1 Rd7
35. Qxh4 1-0

[Event "London Classic Open 2018"]
[Site "London ENG"]
[Date "2018.12.14"]
[Round "6.57"]
[White "Balaji, Aaravamudhan"]
[Black "Russell, Christopher"]
[Result "1/2-1/2"]
[WhiteElo "1914"]
[BlackElo "2169"]
[WhiteFideId "436224"]
[BlackFideId "413569"]
[EventDate "2018.12.09"]

1. d4 e6 2. c4 Nf6 3. Nf3 d5 4. Nc3 Be7 5. Bg5 h6 6. Bxf6 Bxf6 7. e3 O-O 8. Be2
a6 9. O-O dxc4 10. Bxc4 b5 11. Bd3 Bb7 12. Rc1 Nd7 13. Bb1 Rc8 14. b3 Be7 15.
Qe2 Nf6 16. Nd2 c5 17. dxc5 Bxc5 18. Nce4 Be7 19. Nxf6+ Bxf6 20. Be4 Qb6 21. h3
Be7 22. Bxb7 Qxb7 23. Nf3 Qe4 24. Qb2 Rfd8 25. Rxc8 Rxc8 26. Rc1 Rd8 27. Qc2 1/2-1/2

[Event "London Classic Open 2018"]
[Site "London ENG"]
[Date "2018.12.14"]
[Round "6.58"]
[White "Czopor, Maciej"]
[Black "Penna, Tommaso"]
[Result "1/2-1/2"]
[WhiteElo "2164"]
[BlackElo "1963"]
[WhiteFideId "21805431"]
[BlackFideId "847836"]
[EventDate "2018.12.09"]

1. e4 e5 2. Nf3 Nc6 3. Bb5 a6 4. Ba4 Nf6 5. O-O Be7 6. Re1 b5 7. Bb3 d6 8. c3
O-O 9. h3 Bb7 10. d4 Re8 11. Nbd2 Bf8 12. a3 h6 13. d5 Nb8 14. Nh2 Nbd7 15. Ng4
c6 16. dxc6 Bxc6 17. Qf3 Qe7 18. Nf1 Nxg4 19. hxg4 Nc5 20. Ba2 Qb7 21. Ng3 Rad8
22. g5 hxg5 23. Bxg5 Rd7 24. Rad1 Ne6 25. Qg4 Nxg5 26. Qxg5 d5 27. Nh5 Re6 28.
Rd3 Rg6 29. Qf5 Rdd6 30. exd5 Bxd5 31. Bxd5 Rxd5 32. Qe4 Rgd6 33. Nf6+ gxf6 34.
Rg3+ Bg7 35. Qg4 Kf8 36. Qxg7+ Ke7 37. Rh3 Rd1 38. Rxd1 Rxd1+ 39. Kh2 Qe4 40.
Qg3 Qe1 41. Qf3 e4 42. Qf4 Qg1+ 43. Kg3 Rd3+ 44. Kh4 Qxg2 45. Qc7+ Kf8 46. Qb8+
Ke7 47. Qc7+ Kf8 48. Qb8+ 1/2-1/2

[Event "London Classic Open 2018"]
[Site "London ENG"]
[Date "2018.12.14"]
[Round "6.59"]
[White "Zhou, Yang-Fan"]
[Black "Tomaszewski, Kacper"]
[Result "1/2-1/2"]
[WhiteTitle "IM"]
[BlackTitle "FM"]
[WhiteElo "2434"]
[BlackElo "2259"]
[WhiteFideId "468584"]
[BlackFideId "1127373"]
[EventDate "2018.12.09"]

1. e4 c6 2. d4 d5 3. Nc3 dxe4 4. Nxe4 Bf5 5. Nc5 e5 6. Nxb7 Qb6 7. Nc5 exd4 8.
Nb3 c5 9. Bd3 Be6 10. Qe2 Nf6 11. Nf3 Be7 12. O-O Nc6 13. Ng5 Bd5 14. c4 dxc3
15. bxc3 h6 16. Nh3 g5 17. Rb1 Be6 18. Nd4 Nxd4 19. cxd4 Qc7 20. dxc5 O-O 21.
Bb2 Ng4 22. f4 Qxc5+ 23. Kh1 Qe3 24. f5 Bxa2 25. Qxg4 Qxd3 26. Rbd1 Qc4 27. Qh5
Qh4 28. Qe2 Rae8 29. Qe5 f6 30. Qa5 Qc4 31. Rc1 Qb3 32. Bd4 Bb4 33. Qxa7 Rf7 34.
Qa6 Qd5 35. Bxf6 Qa8 36. Qb6 Bd5 37. Rf2 Qa3 38. Bb2 Qxh3 39. Qd4 Bxg2+ 40. Rxg2
Kh7 41. Qxb4 Qxf5 42. Qc4 Re4 43. Qc3 Kg6 44. Qh8 Kh5 45. Qc3 Rf4 46. Rcg1 Rf3
47. Qh8 Rf1 48. Bd4 Qe4 49. Qd8 R7f4 50. Qd7 Kh4 51. Qd6 h5 52. Qc5 g4 53. Be3
Rf5 54. Qd4 Qc6 55. Rxf1 Rxf1+ 56. Bg1 Kh3 57. Qe3+ Qf3 58. Qxf3+ Rxf3 59. Re2
h4 1/2-1/2